Nelson Textbook of pediatrics (Record no. 2003)
[ view plain ]
| 000 -LEADER | |
|---|---|
| fixed length control field | 00570nam a22002177a 4500 |
| 003 - CONTROL NUMBER IDENTIFIER | |
| control field | OSt |
| 005 - DATE AND TIME OF LATEST TRANSACTION | |
| control field | 20150611190227.0 |
| 008 - FIXED-LENGTH DATA ELEMENTS--GENERAL INFORMATION | |
| fixed length control field | 150610b xxu||||| |||| 00| 0 eng d |
| 020 ## - INTERNATIONAL STANDARD BOOK NUMBER | |
| International Standard Book Number | 9780808924203 |
| 040 ## - CATALOGING SOURCE | |
| Transcribing agency | DNLM |
| 082 ## - DEWEY DECIMAL CLASSIFICATION NUMBER | |
| Classification number | WS100 N331r 2011 |
| 100 ## - MAIN ENTRY--PERSONAL NAME | |
| Personal name | Kliegman, Robert |
| 9 (RLIN) | 4334 |
| 245 ## - TITLE STATEMENT | |
| Title | Nelson Textbook of pediatrics |
| 250 ## - EDITION STATEMENT | |
| Edition statement | 19th ed. |
| 260 ## - PUBLICATION, DISTRIBUTION, ETC. (IMPRINT) | |
| Place of publication, distribution, etc. | Philadelphia; |
| Name of publisher, distributor, etc. | Elsevier, |
| Date of publication, distribution, etc. | 2011 |
| 300 ## - PHYSICAL DESCRIPTION | |
| Extent | lxvii,2610p |
| Other physical details | col.ill: |
| Dimensions | 28cm |
| 504 ## - BIBLIOGRAPHY, ETC. NOTE | |
| Bibliography, etc | Indices included |
| 650 ## - SUBJECT ADDED ENTRY--TOPICAL TERM | |
| Topical term or geographic name as entry element | Pediatrics |
| 9 (RLIN) | 3353 |
| 700 ## - ADDED ENTRY--PERSONAL NAME | |
| Personal name | Stanton, Bonita F. |
| 9 (RLIN) | 5228 |
| 942 ## - ADDED ENTRY ELEMENTS (KOHA) | |
| Source of classification or shelving scheme | Other/Generic Classification Scheme |
| Koha item type | Open Shelf |
| Withdrawn status | Lost status | Source of classification or shelving scheme | Damaged status | Not for loan | Home library | Current library | Date acquired | Source of acquisition | Inventory number | Total Checkouts | Full call number | Barcode | Date last seen | Koha item type | Date last checked out |
|---|---|---|---|---|---|---|---|---|---|---|---|---|---|---|---|
| Other/Generic Classification Scheme | MUST Main Library | MUST Main Library | 10/06/2015 | 15/39176 | WS100 N331r 2011 | 2015-1808 | 10/06/2015 | Open Shelf | |||||||
| Other/Generic Classification Scheme | MUST Main Library | MUST Main Library | 10/06/2015 | 15/39177 | WS100 N331r 2011 | 2015-1809 | 10/06/2015 | Open Shelf | |||||||
| Other/Generic Classification Scheme | MUST Main Library | MUST Main Library | 06/07/2015 | 15/39363 | 4 | WS100 N331r 2011 | 2015-2017 | 27/03/2023 | Book Bank | 11/01/2023 | |||||
| Other/Generic Classification Scheme | MUST Main Library | MUST Main Library | 06/07/2015 | 15/39364 | 1 | WS100 N331r 2011 | 2015-2018 | 17/04/2024 | Open Shelf | 17/04/2024 | |||||
| Other/Generic Classification Scheme | MUST Main Library | MUST Main Library | 06/07/2015 | 15/39365 | WS100 N331r 2011 | 2015-2019 | 06/07/2015 | Book Bank | |||||||
| Other/Generic Classification Scheme | MUST Main Library | MUST Main Library | 06/07/2015 | 15/39366 | 4 | WS100 N331r 2011 | 2015-2020 | 12/04/2023 | Book Bank | 13/01/2023 | |||||
| Other/Generic Classification Scheme | MUST Main Library | MUST Main Library | 06/07/2015 | 15/39367 | 1 | WS100 N331r 2011 | 2015-2021 | 06/12/2019 | Book Bank | 27/08/2019 | |||||
| Other/Generic Classification Scheme | MUST Main Library | MUST Main Library | 06/07/2015 | 15/39368 | 4 | WS100 N331r 2011 | 2015-2022 | 08/12/2023 | Book Bank | 17/02/2021 |
